000 00366nam a22001217a 4500
040 _cSK
082 _a531
100 _aFAO
245 _aផែនការសកម្មភាពជាតិសំរាប់់ឧត្តមសិក្សាកសិកម្ម
260 _aក្រសួងកសិកម្ម
_bFAO
_c1998
300 _a371p.
942 _cKB
999 _c9962
_d9962